Statystyki dla Najdrozsi zawodnicy z ligue1

Kliknij tutaj aby rozwiązać quiz!

Ogólne statystyki

  • Ten quiz został rozwiązany 14 razy
  • Średni wynik to 15 z 36

Statystyki odpowiedzi

HintOdpowiedź% Poprawnych
180mlnMbappe
100%
45mlnDonnarumma
92%
80mlnKolo muani
83%
25mlnAsensio
75%
65mlnHakimi
75%
50mlnRamos
67%
60mlnDembele
58%
65mlnMarquinhos
58%
45mlnHernandez
50%
22mlnKimpembe
50%
65mlnMendes
50%
50mlnSkriniar
50%
55mlnUgarte
50%
45mlnVitinha
50%
40mlnWahi
50%
35mlnBarcola
42%
30mlnCherki
42%
60mlnDavid
42%
25mlnFofana
42%
30mlnGolovin
42%
22mlnLee
42%
30mlnFabian ruiz
33%
22mlnMedin
33%
30mlnTerrier
33%
40mlnThuram
33%
50mlnZaire emery
33%
30mlnBalogun
25%
22mlnDanso
25%
35mlnGouiri
25%
25mlnMoffi
25%
30mlnCamara
17%
30mlnTodibo
17%
22mlnBlas
8%
22mlnTheate
8%
22mlnCaqueret
0%
22mlnKalimuedo
0%

Rozkład punktacji

Percentyl według liczby udzielonych odpowiedzi

Procent ludzi z każdym wynikiem

Twoja historia wyników

Nie rozwiązałeś tego quizu